000
00294cam a2200109ua 4500
082
_a
920
_b
MAR/PO
100
_a
Marrar, T.R.K .
_9
1644
245
0
0
_a
Portraits : A Selection of Biographical Sketches /
260
_a
Chennai :
_b
The National Publishing Co ,
_c
1969.
300
_a
120 ; .
942
_c
BK
999
_c
795
_d
795